dear john - taylor swift - Statistics

General Stats
  • This quiz has been taken 31 times
  • The average score is 298 of 378
Answer Stats
lyrics % Correct
go
100%
a
93%
dear
93%
don't
93%
gone
93%
i
93%
it
93%
john
93%
me
93%
see
93%
the
93%
to
93%
too
93%
was
93%
you
93%
young
93%
all
87%
be
87%
in
87%
is
87%
now
87%
now,
87%
so
87%
then
87%
think
87%
were
87%
when
87%
who
87%
your
87%
you're
87%
an
80%
and
80%
day
80%
know
80%
love
80%
my
80%
on
80%
said,
80%
that
80%
they
80%
why
80%
with?
80%
as
73%
at
73%
away
73%
blue
73%
blurry
73%
but
73%
by
73%
can"
73%
changed
73%
cried
73%
days
73%
dress
73%
every
73%
expert
73%
game
73%
get
73%
girl
73%
home
73%
i'm
73%
it's
73%
keeping
73%
known
73%
lines
73%
long
73%
messed
73%
might
73%
mother
73%
nights
73%
once
73%
optimism
73%
phone
73%
rules
73%
should've
73%
song
73%
sorry
73%
this
73%
tonight
73%
version
73%
way
73%
well,
73%
which
73%
whole
73%
wondering
73%
accused
67%
again
67%
are
67%
around
67%
back
67%
blame
67%
blind
67%
chess
67%
counting
67%
fall
67%
fast
67%
fine
67%
floor
67%
footsteps
67%
give
67%
ignored
67%
i'll
67%
let
67%
lived
67%
look
67%
losing
67%
loved
67%
maybe
67%
mind,
67%
need
67%
never
67%
of
67%
paint
67%
picking
67%
praying
67%
rain
67%
revolved
67%
"run
67%
run
67%
sad
67%
sick
67%
sky
67%
stopped
67%
swore
67%
take
67%
through,
67%
turn
67%
up,
67%
won't
67%
you'll
67%
acing
60%
add
60%
empty
60%
fire
60%
fireworks
60%
impressed
60%
list
60%
name
60%
nineteen's
60%
or
60%
over
60%
played
60%
regret
60%
town
60%
traitors
60%
understand
60%
wrong
60%
dark,
53%
games?
53%
girls
53%
like
53%
shining
53%
tests
53%
twisted
53%
before
47%
'cause
47%
dry
47%
have
47%
oh
47%
them
47%
tired,
47%
wrote
47%
you've
47%
burned
40%
catch
40%
could
40%
eyes
40%
lifeless
40%
matches
40%
out
40%
took
40%
No matching quizzes found
Score Distribution
Percent of People with Each Score
Percentile by Number Answered
Your Score History
You have not taken this quiz